Κατάλογος Βιβλιοθηκών Mediterranean College

Oxford English-Greek Learner's Dictionary (Record no. 2239)

MARC details
000 -LEADER
fixed length control field 01784cam a22002054a 4500
005 - ΗΜΕΡΟΜΗΝΙΑ ΚΑΙ ΩΡΑ ΤΕΛΕΥΤΑΙΑΣ ΕΝΗΜΕΡΩΣΗΣ
Πεδίο ελέγχου 20250605164035.0
008 - FIXED-LENGTH DATA ELEMENTS--GENERAL INFORMATION
Πεδίο ελέγχου σταθερού μήκους 250528s ||||||||||||||||||||||||d
035 ## - SYSTEM CONTROL NUMBER
System control number 16774
020 ## - ISBN
ISBN 194311473
040 ## - ΠΗΓΗ ΚΑΤΑΛΟΓΟΓΡΑΦΗΣΗΣ
Φορέας πρωτότυπης καταλογογράφησης MC Athens Campus Library
Γλώσσα καταλογογράφησης Ελληνικά, Μοντέρνα (1453-)
Modifying agency MC Athens Campus Library
Κανόνες περιγραφικής καταλογογράφησης AACR2
245 1# - ΤΙΤΛΟΣ ΚΑΙ ΔΗΛΩΣΗ ΥΠΕΥΘΥΝΟΤΗΤΑΣ
Τίτλος Oxford English-Greek Learner's Dictionary
260 ## - PUBLICATION, DISTRIBUTION, ETC.
Name of publisher, distributor, etc. Oxford University Press,
Date of publication, distribution, etc. 1977
300 ## - PHYSICAL DESCRIPTION
Extent 842
520 ## - SUMMARY, ETC.
Summary, etc. Λήμματα, Γραμμή που Δείχνει ότι το Λήμμα αλλάζει σα Μέρος του Λόγου, Αρίθμηση των Λημμάτων που Γράφονται Ίδια, Διπλασιασμός Συμφώνων, Πολυάριθμες Παραδειγματικές Φράσεις και Προτάσεις, Παράγωγα και Σύνθετες Λέξεις και Ιδιωματισμοί με Μαύρα Στοιχεία, Διάκριση των Ουσιασατικών σε Αριθμήσιμα και μη Αριθμήσιμα, Διαίρεση των Λέξεων σε Συλλαβές, Συγκριτικός και Υπερθετικός, Παραπομπή σε Άλλα Λήμματα, Η Προφορά με Φωνητικά Σύμβολα, Μέρη του Λόγου, Καλολογικές Βραχυβραχίες, Ανώμαλα Ρήματα με Φωνητική Μεταγραφή της Προφοράς τους, Ιδαίτερη Καταχώριση των Περιφραστικών Ρημάτων, Σημασιολογική Αρίθμηση, Τονισμός των Σύνθετων Λέξεων, Ανώμαλοι Πληθυντικοί με Φωνητική Μεταγραφή της Προφοράς τους.
700 1# - ΠΡΟΣΘΕΤΗ ΑΝΑΓΡΑΦΗ--ΦΥΣΙΚΟ ΠΡΟΣΩΠΟ
Personal name Hornby A.S
9 (RLIN) 2864
700 1# - ΠΡΟΣΘΕΤΗ ΑΝΑΓΡΑΦΗ--ΦΥΣΙΚΟ ΠΡΟΣΩΠΟ
Personal name Stavropoulos D.N
9 (RLIN) 2865
942 ## - ADDED ENTRY ELEMENTS (KOHA)
Koha item type Books
Holdings
Τύπος τεκμηρίου Βιβλιοθήκη Τρέχουσα τοποθεσία Barcode Αριθμός εισαγωγής Ημερομηνία απόκτησης Ταξιθετικό σύμβολο Αριθμός αντιτύπου Κατάσταση απόσυρσης Κατάσταση χαμένου Κατάσταση κατεστραμμένου Μη δανεισμός Σύνολο δανεισμών Ημερομηνία τελευταίας εμφάνισης Η τιμή ισχύει από
Books MC Athens Campus Library MC Athens Campus Library 9780000022387 5007 05/06/2025 REF 423.41 STA 2           05/06/2025 05/06/2025

MC Athens Campus Library
Πατησίων 94 & Κοδριγκτώνος 13, 104 34
Πελλήνης 8 & Πατησίων 107, 112 51
Τ: +30 210 8899600

MC Thessaloniki Campus Library
Ίωνος Δραγούμη 21, 54625 | Ίωνος Δραγούμη 15, 54625
Τ: +30 2310 287779 – Τ: +30 2314 440300